Top 110 najpopularniejszych imion żeńskich w 2025 - Statystyki

Ogólne statystyki
  • Ten quiz został rozwiązany 140 razy
  • Średni wynik to 62 z 110
Statystyki odpowiedzi
Miejsce Imię % Poprawnych
1 Anna
94%
17 Julia
91%
12 Aleksandra
87%
16 Natalia
86%
2 Katarzyna
84%
14 Zofia
83%
8 Magdalena
82%
34 Wiktoria
82%
6 Barbara
80%
7 Ewa
80%
47 Weronika
80%
18 Karolina
79%
4 Małgorzata
78%
3 Maria
78%
5 Agnieszka
77%
28 Hanna
76%
43 Oliwia
76%
10 Joanna
75%
57 Kinga
71%
13 Monika
71%
23 Alicja
70%
55 Amelia
70%
38 Maja
70%
42 Patrycja
70%
31 Paulina
70%
27 Zuzanna
70%
44 Emilia
69%
53 Lena
69%
49 Ewelina
68%
20 Marta
68%
21 Beata
67%
65 Daria
67%
9 Elżbieta
67%
87 Iga
67%
39 Agata
66%
56 Dominika
66%
15 Teresa
66%
22 Dorota
63%
29 Grażyna
63%
40 Urszula
63%
45 Helena
62%
11 Krystyna
62%
25 Halina
61%
26 Iwona
61%
32 Justyna
61%
59 Kamila
61%
86 Łucja
61%
50 Martyna
61%
76 Olga
61%
37 Renata
61%
46 Izabela
60%
69 Nikola
60%
84 Pola
60%
52 Gabriela
59%
19 Danuta
57%
51 Klaudia
57%
41 Sylwia
57%
33 Janina
56%
80 Nadia
56%
101 Czesława
55%
35 Irena
54%
70 Laura
54%
61 Stanisława
54%
73 Antonina
53%
96 Jagoda
53%
24 Jolanta
53%
71 Milena
53%
79 Sandra
51%
63 Wiesława
51%
77 Michalina
49%
66 Lidia
48%
72 Wioletta
48%
78 Ilona
47%
88 Nina
47%
105 Sara
47%
60 Marianna
46%
48 Aneta
45%
36 Bożena
45%
54 Marzena
44%
75 Angelika
43%
85 Liliana
43%
107 Dagmara
41%
109 Eliza
41%
30 Jadwiga
41%
64 Wanda
41%
58 Edyta
40%
110 Kaja
40%
82 Kornelia
40%
62 Alina
38%
90 Marcelina
38%
89 Marlena
38%
81 Bogumiła
37%
92 Genowefa
37%
106 Roksana
37%
102 Adrianna
36%
74 Mirosława
34%
67 Mariola
33%
100 Aniela
32%
91 Bogusława
32%
83 Kazimiera
32%
108 Klara
32%
93 Sabina
32%
95 Henryka
30%
99 Regina
30%
98 Stefania
30%
103 Władysława
30%
104 Wioleta
28%
94 Anita
26%
68 Lucyna
26%
97 Józefa
23%
Nie znaleziono quizów pasujących do podanych kryteriów
Rozkład punktacji
Procent ludzi z każdym wynikiem
Percentyl według liczby udzielonych odpowiedzi
Twoja historia wyników
Nie rozwiązałeś tego quizu